书目信息 |
| 题名: |
中华百年经典散文
|
|
| 作者: | 张胜友 , 蒋和欣 主编 | |
| 分册: | 吾国吾民卷 | |
| 出版信息: | 北京 作家出版社 2004.03 |
|
| 页数: | 519页 | |
| 开本: | 21cm | |
| 丛书名: | ||
| 单 册: | ||
| 中图分类: | I266 | |
| 科图分类: | ||
| 主题词: | 散文--作品集--中国--现代 , 散文--作品集--中国--当代 | |
| 电子资源: | ||
| ISBN: | 7-5063-2901-8 | |
| 000 | 00767nam1 2200253 45 | |
| 001 | 012004000000 | |
| 005 | 20041102103528.78 | |
| 010 | @a7-5063-2901-8@dCNY 33.00 | |
| 100 | @a20040910d2004 em y0chiy0121 ea | |
| 101 | 0 | @achi |
| 102 | @aCN@b110000 | |
| 105 | @ay z 000cy | |
| 200 | 1 | @a中华百年经典散文@Azhong hua bai nian jing dian san wen@i吾国吾民卷@f张胜友, 蒋和欣主编 |
| 210 | @a北京@c作家出版社@d2004.03 | |
| 215 | @a519页@d21cm | |
| 300 | @a全面展示20世纪中华散文创作的成绩 | |
| 517 | 1 | @a吾国吾民卷 |
| 606 | 0 | @a散文@j作品集@y中国@z现代 |
| 606 | 0 | @a散文@j作品集@y中国@z当代 |
| 690 | @aI266@v4 | |
| 701 | 0 | @a张胜友@Azhang sheng you@4主编 |
| 701 | 0 | @a蒋和欣@Ajiang he xin@4主编 |
| 801 | 0 | @aCN@bQSSKt@c20041102 |
| 905 | @a10447@dI266@eZ1605 | |
| 中华百年经典散文.吾国吾民卷/张胜友, 蒋和欣主编.-北京:作家出版社,2004.03 |
| 519页;21cm |
| 全面展示20世纪中华散文创作的成绩 |
| ISBN 7-5063-2901-8:CNY 33.00 |
| ● |
| 相关链接 |
|
|
|
正题名:中华百年经典散文
索取号:I266/Z1605
 
预约/预借
| 序号 | 登录号 | 条形码 | 馆藏地/架位号 | 状态 | 备注 |
| 1 | 424501 | 204245012 | 社科二线400B/400B社科库 25排1列6层/ [索取号:I266/Z1605] | 在馆 | |
| 2 | 424502 | 204245021 | 文学库116/116文学库 2排2列3层/ [索取号:I266/Z1605] | 在馆 |